[Event "5. Kaltern-Trophy 2022 Open A"]
[Site "?"]
[Date "2022.10.22"]
[Round "2.9"]
[White "Bernardi, Ruben"]
[Black "Barp, Alberto"]
[Result "0-1"]
[WhiteElo "2102"]
[BlackElo "2413"]
[PlyCount "80"]
[EventDate "2022.??.??"]

1. e4 c6 2. d3 d5 3. Nf3 dxe4 4. Ng5 g6 5. Nc3 Bg7 6. dxe4 Qxd1+ 7. Nxd1 h6 8. Nf3 Nf6 9. Nc3 O-O 10. h3 b5 11. Bd3 Nfd7 12. Be3 Na6 13. O-O Nac5 14. Bd4 b4 15. Bxg7 Kxg7 16. Ne2 e5 17. Nc1 a5 18. a3 Bb7 19. Re1 f6 20. Nd2 Nb6 21. axb4 axb4 22. Na2 Nxd3 23. cxd3 c5 24. Nb3 Rfc8 25. Nac1 Rxa1 26. Nxa1 Na4 27. Nab3 Nxb2 28. Re2 Nxd3 29. Nxd3 c4 30. Nxb4 cxb3 31. Rb2 Rc1+ 32. Kh2 Rc3 33. Na2 bxa2 34. Rxa2 Bxe4 35. Ra7+ Kg8 36. f3 Bd5 37. Rd7 Bf7 38. h4 Kf8 39. Ra7 Rc6 40. Kg3 Re6 0-1

[Event "5. Kaltern-Trophy 2022 Open A"]
[Site "Kaltern"]
[Date "2022.10.22"]
[Round "2.10"]
[White "Kaserer, Hans-Peter"]
[Black "Linder, Oliver"]
[Result "1/2-1/2"]
[WhiteElo "1897"]
[BlackElo "1870"]
[PlyCount "50"]
[EventDate "2022.10.21"]

1. d4 e6 2. Nf3 Nf6 3. Bg5 h6 4. Bh4 d5 5. e3 Be7 6. Bd3 c5 7. dxc5 Qa5+ 8. Nbd2 Qxc5 9. O-O O-O 10. Rc1 Nc6 11. a3 Qd6 12. c4 Rd8 13. Bg3 Qd7 14. cxd5 exd5 15. Ne5 Nxe5 16. Bxe5 Qe6 17. Bc7 Re8 18. Nf3 Ne4 19. Nd4 Qf6 20. Qa4 Be6 21. Bb5 Rf8 22. b4 a6 23. Bd3 Nd2 24. Rfd1 b5 25. Qc2 Nc4 1/2-1/2

[Event "5. Kaltern-Trophy 2022 Open A"]
[Site "Kaltern"]
[Date "2022.10.22"]
[Round "2.11"]
[White "Buglisi, Massimo"]
[Black "Maglioni, Leonardo"]
[Result "1-0"]
[WhiteElo "1943"]
[BlackElo "1822"]
[PlyCount "73"]
[EventDate "2022.10.21"]

1. e4 c5 2. d4 cxd4 3. c3 dxc3 4. Nxc3 Nc6 5. Nf3 e6 6. Bc4 Bb4 7. O-O Nge7 8. Qc2 O-O 9. Rd1 a6 10. Be3 Ng6 11. a3 Be7 12. b4 b5 13. Ba2 Qc7 14. Nd5 exd5 15. exd5 Nge5 16. Nxe5 Qxe5 17. dxc6 dxc6 18. Bd4 Qg5 19. Qe4 Bf5 20. Qe2 Rfe8 21. Re1 Bg4 22. f3 Bd7 23. Qd3 Qf5 24. Qc3 Qg6 25. Rad1 Bf5 26. Qe3 h5 27. Qd2 Bf6 28. Qb2 Bxd4+ 29. Qxd4 Bh3 30. Qf2 Be6 31. Rd6 Red8 32. Bb1 Qg5 33. f4 Qh6 34. Rxc6 Rac8 35. Rxa6 g6 36. h3 Rd4 37. Qxd4 1-0

[Event "5. Kaltern-Trophy 2022 Open A"]
[Site "Kaltern"]
[Date "2022.10.22"]
[Round "2.12"]
[White "De Nisi, Roberta"]
[Black "Scharrer, Udo"]
[Result "0-1"]
[WhiteElo "1842"]
[BlackElo "1942"]
[PlyCount "98"]
[EventDate "2022.10.21"]

1. d4 Nf6 2. c4 g6 3. Nc3 Bg7 4. e4 d6 5. f3 O-O 6. Be3 c5 7. Nge2 Nc6 8. Qd2 Qa5 9. O-O-O a6 10. Kb1 b5 11. Nd5 Qxd2 12. Rxd2 Nxd5 13. cxd5 Nxd4 14. Nxd4 cxd4 15. Bxd4 Bd7 16. Bxg7 Kxg7 17. g4 Rfc8 18. Be2 Rc5 19. Rc1 Rac8 20. Rdc2 Rxc2 21. Rxc2 g5 22. Rxc8 Bxc8 23. Kc2 Kf6 24. Kd3 Ke5 25. Ke3 e6 26. dxe6 fxe6 27. Bd3 h6 28. a3 Bb7 29. h4 Bc6 30. hxg5 hxg5 31. a4 d5 32. exd5 exd5 33. axb5 axb5 34. b4 d4+ 35. Kf2 Kf4 36. Be2 Be8 37. Bd3 Bd7 38. Be2 Bc6 39. Bd3 Bxf3 40. Bxb5 Bxg4 41. Bd3 Bf3 42. b5 g4 43. b6 g3+ 44. Kg1 Bb7 45. Bf1 Ke3 46. Bg2 d3 47. Bxb7 d2 48. Bc6 d1=Q+ 49. Kg2 Qc2+ 0-1

[Event "5. Kaltern-Trophy 2022 Open A"]
[Site "Kaltern"]
[Date "2022.10.22"]
[Round "2.13"]
[White "Zuev, Mikhail"]
[Black "Grundhammer, Gerhard"]
[Result "0-1"]
[WhiteElo "1940"]
[BlackElo "1811"]
[PlyCount "84"]
[EventDate "2022.10.21"]

1. d4 d5 2. c4 Bf5 3. Nc3 e6 4. Nf3 c6 5. Bf4 Bd6 6. Bxd6 Qxd6 7. Qb3 Qe7 8. e3 Nf6 9. Rc1 O-O 10. Be2 dxc4 11. Bxc4 b6 12. Ne5 Qb7 13. f3 Nbd7 14. e4 Bg6 15. Nxg6 hxg6 16. O-O Rad8 17. e5 Nd5 18. Ne4 Qa8 19. Bxd5 exd5 20. Nd6 c5 21. Qd3 Qb8 22. Rfe1 cxd4 23. f4 Nc5 24. Qxd4 Rxd6 25. exd6 Qxd6 26. Rcd1 Rd8 27. Re5 Ne6 28. Qf2 d4 29. g3 Qb4 30. Qe2 Nc5 31. Qd2 Qa4 32. b3 Qc6 33. Qg2 Qd7 34. Qd2 f6 35. Ree1 Qc6 36. Qg2 Qd7 37. Qc2 f5 38. b4 Ne4 39. Qc4+ Kf8 40. Rd3 b5 41. Qb3 Nc3 42. Rc1 Ne2+ 0-1

[Event "5. Kaltern-Trophy 2022 Open A"]
[Site "Kaltern"]
[Date "2022.10.22"]
[Round "2.14"]
[White "Bisaro, Andrea"]
[Black "Kezic, Andreas"]
[Result "0-1"]
[WhiteElo "1819"]
[BlackElo "1922"]
[PlyCount "68"]
[EventDate "2022.10.21"]

1. d4 Nf6 2. c4 e6 3. Nf3 d5 4. Bg5 Bb4+ 5. Nbd2 c6 6. a3 Be7 7. e3 O-O 8. Qc2 Nbd7 9. Bd3 Re8 10. O-O h6 11. Bh4 Nh5 12. Bxe7 Qxe7 13. Ne5 Nhf6 14. f4 c5 15. Rac1 b6 16. cxd5 Nxd5 17. Rf3 cxd4 18. Nc6 Qf8 19. Nxd4 Bb7 20. e4 Rac8 21. Qb1 Nxf4 22. Bb5 Rxc1+ 23. Qxc1 Qd6 24. N2b3 Ng6 25. Qf1 Nge5 26. Rc3 Bxe4 27. Bxd7 Nxd7 28. Nb5 Qe5 29. Nxa7 Nf6 30. h3 Nd5 31. Qb5 Ra8 32. Rc8+ Rxc8 33. Nxc8 Qxb2 34. Nd6 Qxg2# 0-1

[Event "5. Kaltern-Trophy 2022 Open A"]
[Site "Kaltern"]
[Date "2022.10.22"]
[Round "2.15"]
[White "Budyi, Danylo"]
[Black "Vincenti, Leonardo"]
[Result "1/2-1/2"]
[WhiteElo "1912"]
[BlackElo "1763"]
[PlyCount "59"]
[EventDate "2022.10.21"]

1. d4 d5 2. c4 e6 3. Nc3 a6 4. cxd5 exd5 5. Nf3 Nf6 6. Bg5 Be7 7. e3 c6 8. Bd3 Bg4 9. Qb3 Qc8 10. Rc1 Nbd7 11. Ne5 Be6 12. Nxd7 Nxd7 13. Bxe7 Kxe7 14. f4 f5 15. Na4 Re8 16. Qc2 g6 17. Nc5 Nxc5 18. Qxc5+ Kf7 19. Kf2 Qd8 20. h4 Qf6 21. a4 Re7 22. a5 Rae8 23. Rce1 Bc8 24. Rh3 h6 25. Qc3 Rg8 26. Reh1 Rg7 27. Bc2 Re8 28. Qd2 Qe7 29. Rf3 Kg8 30. Rfh3 1/2-1/2

[Event "5. Kaltern-Trophy 2022 Open A"]
[Site "Kaltern"]
[Date "2022.10.22"]
[Round "2.16"]
[White "Heyne, Regina"]
[Black "Luebke, Florentin"]
[Result "0-1"]
[WhiteElo "1792"]
[BlackElo "1910"]
[PlyCount "114"]
[EventDate "2022.10.21"]

1. d4 Nf6 2. c4 e6 3. Nf3 b6 4. Nc3 Bb4 5. Bg5 Bb7 6. e3 h6 7. Bh4 g5 8. Bg3 Ne4 9. Qc2 f5 10. Be2 Bxc3+ 11. bxc3 d6 12. O-O Nd7 13. Nd2 Ndf6 14. f3 Nxg3 15. hxg3 Nh5 16. g4 Ng3 17. Rfe1 Qf6 18. gxf5 exf5 19. Kf2 Nxe2 20. Rxe2 g4 21. Rh1 gxf3 22. gxf3 O-O-O 23. Ke1 h5 24. Reh2 h4 25. Kd1 Rde8 26. Re1 Qg5 27. Qd3 h3 28. Kc2 Kb8 29. Qe2 Qg3 30. Reh1 Re7 31. Qf1 Reh7 32. Qg1 f4 33. e4 Rg8 34. Qf1 Bc8 35. Qf2 Qxf2 36. Rxf2 Rg3 37. Nf1 Rg2 38. Rh2 Rhg7 39. Kd1 Rxf2 40. Rxf2 Rg2 41. Ke1 Ba6 42. Nh2 Rg1+ 43. Rf1 Rg2 44. Rf2 Rg1+ 45. Rf1 Rxf1+ 46. Nxf1 Bxc4 47. a3 Kb7 48. Kf2 Bxf1 49. Kxf1 c5 50. d5 b5 51. Kg1 a5 52. Kh2 b4 53. cxb4 cxb4 54. axb4 axb4 55. Kxh3 b3 56. Kg4 b2 57. Kxf4 b1=Q 0-1

[Event "5. Kaltern-Trophy 2022 Open A"]
[Site "Kaltern"]
[Date "2022.10.22"]
[Round "2.17"]
[White "Capraro, Fabio"]
[Black "Tellarini, Lorenzo"]
[Result "0-1"]
[WhiteElo "1908"]
[BlackElo "1750"]
[PlyCount "66"]
[EventDate "2022.10.21"]

1. c4 e5 2. g3 Nc6 3. Bg2 f5 4. Nc3 g6 5. d3 Bg7 6. Rb1 a5 7. a3 Nf6 8. b4 axb4 9. axb4 O-O 10. b5 Ne7 11. Qb3 h6 12. Nh3 g5 13. c5+ Kh8 14. Bxg5 hxg5 15. Nxg5 Qe8 16. Qc4 Qg6 17. h4 c6 18. Nf3 Nfd5 19. Nxd5 cxd5 20. Qb4 e4 21. Ng5 exd3 22. exd3 f4 23. O-O Qxd3 24. c6 Qa3 25. cxb7 Bxb7 26. Qe1 fxg3 27. fxg3 Nf5 28. Rf3 Qc5+ 29. Kh2 d4 30. Rxf5 Qxf5 31. Bxb7 Ra2+ 32. Kg1 d5 33. Qf1 Qc2 0-1

[Event "5. Kaltern-Trophy 2022 Open A"]
[Site "Kaltern"]
[Date "2022.10.22"]
[Round "3.1"]
[White "Barp, Alberto"]
[Black "Loiacono, Leonardo"]
[Result "1-0"]
[WhiteElo "2413"]
[BlackElo "2257"]
[PlyCount "131"]
[EventDate "2022.10.21"]

1. d4 Nf6 2. c4 e6 3. Nf3 Bb4+ 4. Bd2 Bxd2+ 5. Qxd2 d6 6. Nc3 O-O 7. g3 b6 8. Bg2 Bb7 9. Qc2 c5 10. d5 e5 11. O-O Nbd7 12. e4 Ne8 13. Ne1 g6 14. Nd3 Ng7 15. f4 f6 16. Bh3 a6 17. Be6+ Nxe6 18. dxe6 Nb8 19. f5 gxf5 20. exf5 Nc6 21. Nd5 Nd4 22. Qg2 Bxd5 23. Qxd5 Kh8 24. Ne1 Rg8 25. Ng2 Qf8 26. Rae1 Ra7 27. Ne3 Rag7 28. Rf2 Rg5 29. Qb7 Qh6 30. Qe7 Rh5 31. Ng4 Rxg4 32. Qd8+ Rg8 33. e7 Rhg5 34. e8=Q Rxe8 35. Qxe8+ Rg8 36. Qe7 Qf8 37. Qc7 Qd8 38. Qf7 Rg7 39. Qd5 Rd7 40. Re3 Qg8 41. Qxg8+ Kxg8 42. g4 Rg7 43. Rg2 b5 44. Ra3 Ra7 45. cxb5 Nxb5 46. Ra4 d5 47. g5 Kg7 48. Ra5 d4 49. a4 Nd6 50. Rxc5 Ne4 51. Rc6 Kf7 52. gxf6 Nxf6 53. Rgc2 Nd5 54. Re6 Ne3 55. Re2 Rc7 56. Kf2 Rc1 57. Kf3 Nc4 58. Ke4 Rd1 59. Rc2 d3 60. Rxc4 d2 61. Rc7+ Kf8 62. Rc8+ Kf7 63. Rc7+ Kf8 64. Kd3 Rc1 65. Kxd2 Rxc7 66. Rxa6 1-0

[Event "5. Kaltern-Trophy 2022 Open A"]
[Site "Kaltern"]
[Date "2022.10.22"]
[Round "3.2"]
[White "Mueller, Ralf"]
[Black "Teutsch, Alexander"]
[Result "0-1"]
[WhiteElo "2342"]
[BlackElo "2189"]
[PlyCount "144"]
[EventDate "2022.10.21"]

1. d4 Nf6 2. c4 c5 3. e3 g6 4. Nf3 Bg7 5. Nc3 O-O 6. Be2 b6 7. O-O Bb7 8. d5 e6 9. e4 exd5 10. exd5 d6 11. Bf4 Na6 12. Rb1 Re8 13. Re1 Bc8 14. Qa4 Nc7 15. Qc6 Bf5 16. Rbc1 Bf8 17. Qa4 a6 18. Qd1 b5 19. b3 Ne4 20. Nxe4 Rxe4 21. Be3 Re8 22. Bd3 Qd7 23. Qc2 Bxd3 24. Qxd3 Bg7 25. Bf4 Rxe1+ 26. Rxe1 Re8 27. Rxe8+ Nxe8 28. h3 Nf6 29. Nd2 b4 30. g4 Qe7 31. Kg2 Nd7 32. Qe4 Kf8 33. Qxe7+ Kxe7 34. Ne4 Be5 35. Bg5+ f6 36. Bc1 g5 37. Kf3 Bd4 38. Ke2 Be5 39. f3 Nf8 40. Nf2 Ng6 41. Nd3 Bg3 42. Be3 Be5 43. Bf2 Bf4 44. Be1 Kd7 45. h4 gxh4 46. Bxh4 Be5 47. Nxe5+ fxe5 48. Bg5 Ke8 49. Kd3 Kf7 50. Ke4 Ne7 51. f4 Ng6 52. f5 Nf8 53. Be3 Nd7 54. g5 Nf8 55. Kf3 Kg7 56. Kg4 Kf7 57. Kh5 Kg7 58. Bf2 Kf7 59. Kh6 Kg8 60. Be3 Kf7 61. Bd2 Kg8 62. g6 hxg6 63. fxg6 Nd7 64. Bg5 Nb6 65. g7 e4 66. Kg6 a5 67. Kf5 Kxg7 68. Kxe4 a4 69. bxa4 Nxc4 70. Bd8 Kf7 71. Bg5 Ke8 72. Kd3 Nb2+ 0-1

[Event "5. Kaltern-Trophy 2022 Open A"]
[Site "Kaltern"]
[Date "2022.10.22"]
[Round "3.3"]
[White "Kranzl, Julian"]
[Black "Schneider-Zinner, Harald"]
[Result "1-0"]
[WhiteElo "2238"]
[BlackElo "2361"]
[PlyCount "68"]
[EventDate "2022.10.21"]

1. Nf3 d5 2. g3 Nf6 3. Bg2 e6 4. O-O Be7 5. d4 O-O 6. c4 c6 7. Qc2 b6 8. Nbd2 Nbd7 9. e4 Bb7 10. e5 Ne8 11. cxd5 exd5 12. Nb1 Nc7 13. Nc3 Ne6 14. Be3 f5 15. exf6 Bxf6 16. Rad1 Qe7 17. h4 Rae8 18. Rfe1 Qf7 19. Ne2 c5 20. Bh3 Bd8 21. Nf4 Nxf4 22. Bxf4 Bc8 23. Qa4 a6 24. Qc6 Bf6 25. Be6 Rxe6 26. Qxe6 cxd4 27. Qxf7+ Kxf7 28. Bd6 Rg8 29. b4 b5 30. Nxd4 Nb6 31. Be5 Be7 32. Nc6 Bf8 33. Bc7 Nc4 34. Rxd5 Bb7 1-0

[Event "5. Kaltern-Trophy 2022 Open A"]
[Site "Kaltern"]
[Date "2022.10.22"]
[Round "3.4"]
[White "Bodrov, Timofey"]
[Black "Lami, Damiano"]
[Result "0-1"]
[WhiteElo "2050"]
[BlackElo "2074"]
[PlyCount "128"]
[EventDate "2022.10.21"]

1. e4 e5 2. Nf3 Nf6 3. Nxe5 d6 4. Nf3 Nxe4 5. c4 d5 6. cxd5 Qxd5 7. Be2 Bd6 8. O-O O-O 9. d3 Nc5 10. Nc3 Qf5 11. d4 Ne6 12. Bd3 Qh5 13. Nb5 Qd5 14. Re1 Nf4 15. Nxd6 Qxd6 16. Bxf4 Qxf4 17. Re4 Qf6 18. Rc1 c6 19. Rh4 g6 20. Qd2 Be6 21. Rh6 Qg7 22. Rh4 f6 23. Re1 Bd5 24. Qb4 Na6 25. Bxa6 bxa6 26. Rh3 Rae8 27. Nh4 Qd7 28. Rhe3 Rxe3 29. Rxe3 Re8 30. a3 Rxe3 31. fxe3 Qg4 32. Qb8+ Kg7 33. Qc7+ Kh6 34. Qf4+ Qxf4 35. exf4 Kh5 36. g3 Kg4 37. Kf2 g5 38. fxg5 fxg5 39. Ng2 Kh3 40. Ne3 Kxh2 41. Ng4+ Kh3 42. Nf6 h6 43. b4 Bf7 44. Ne4 Kg4 45. Nc5 Bc4 46. Nd7 Kf5 47. Ne5 Bd5 48. Ke3 h5 49. Nd7 h4 50. gxh4 gxh4 51. Kf2 Ke4 52. Nc5+ Kxd4 53. Nxa6 Kc4 54. Nc5 a5 55. Kg1 axb4 56. axb4 Kxb4 57. Nd3+ Kb5 58. Kh2 Be6 59. Ne5 c5 60. Nf3 h3 61. Kg3 Kb4 62. Kf2 Kb3 63. Ke3 Kb2 64. Ke4 c4 0-1

[Event "5. Kaltern-Trophy 2022 Open A"]
[Site "Kaltern"]
[Date "2022.10.22"]
[Round "3.5"]
[White "Bevilacqua, Maurizio"]
[Black "Ritzka, Simon"]
[Result "0-1"]
[WhiteElo "2032"]
[BlackElo "2041"]
[PlyCount "80"]
[EventDate "2022.10.21"]

1. c4 c6 2. Nf3 d5 3. g3 Nf6 4. b3 Bf5 5. Bg2 e6 6. Bb2 Be7 7. O-O h6 8. d3 O-O 9. Nbd2 Nbd7 10. a3 Qc7 11. b4 Rad8 12. Qb3 Rfe8 13. Rac1 Qb8 14. Rfe1 Bg6 15. Rcd1 Ng4 16. d4 Ngf6 17. Ne5 Nxe5 18. dxe5 Nd7 19. f4 f6 20. exf6 Bxf6 21. e4 Bxb2 22. Qxb2 Nf6 23. cxd5 cxd5 24. e5 Nd7 25. Qd4 b5 26. Nb3 Bc2 27. Nc5 Bxd1 28. Rxd1 Nxc5 29. bxc5 Rc8 30. Rc1 Rc6 31. f5 Kh8 32. f6 Qc7 33. Bf1 Rc8 34. Bd3 Rxc5 35. fxg7+ Kg8 36. Rf1 Rc1 37. Rxc1 Qxc1+ 38. Kg2 Qd2+ 39. Kh3 Rc2 40. Kg4 Rc4 0-1

[Event "5. Kaltern-Trophy 2022 Open A"]
[Site "Kaltern"]
[Date "2022.10.22"]
[Round "3.6"]
[White "Kezic, Andreas"]
[Black "Thurner, Markus"]
[Result "0-1"]
[WhiteElo "1922"]
[BlackElo "2026"]
[PlyCount "78"]
[EventDate "2022.10.21"]

1. e4 e6 2. d4 d5 3. Nc3 Nf6 4. Bg5 Be7 5. e5 Nfd7 6. Bxe7 Qxe7 7. f4 a6 8. Nf3 c5 9. dxc5 Qxc5 10. Qd4 Nc6 11. Qxc5 Nxc5 12. O-O-O Bd7 13. g3 Rc8 14. a3 Na7 15. Nd4 Ke7 16. Bh3 Na4 17. Nxa4 Bxa4 18. Rd2 Nc6 19. Nxc6+ Rxc6 20. Bf1 Bb3 21. Kb1 Bc4 22. Rd4 Rhc8 23. c3 f6 24. exf6+ gxf6 25. Bxc4 Rxc4 26. Rhd1 Rxd4 27. Rxd4 Kd6 28. Rb4 b5 29. Kc2 Rc4 30. Kd3 e5 31. fxe5+ fxe5 32. b3 e4+ 33. Kd2 Rc7 34. a4 Kc5 35. axb5 axb5 36. Rd4 Rf7 37. b4+ Kd6 38. Kc2 Rf2+ 39. Rd2 e3 0-1

[Event "5. Kaltern-Trophy 2022 Open A"]
[Site "Kaltern"]
[Date "2022.10.22"]
[Round "3.7"]
[White "Dietiker, Manuel"]
[Black "Luebke, Florentin"]
[Result "1/2-1/2"]
[WhiteElo "2021"]
[BlackElo "1910"]
[PlyCount "45"]
[EventDate "2022.10.21"]

1. e4 c5 2. Nf3 Nc6 3. Nc3 g6 4. g3 Bg7 5. Bg2 e6 6. O-O Nge7 7. d3 O-O 8. Bd2 d5 9. Qc1 d4 10. Ne2 e5 11. Nh4 f5 12. f4 fxe4 13. Bxe4 Bg4 14. Rf2 Qd7 15. a3 Nd5 16. Ng2 Rae8 17. Qf1 Bh6 18. Re1 Nce7 19. c4 Nf6 20. Nc1 Nxe4 21. dxe4 Nc6 22. Nd3 b6 23. Bc1 1/2-1/2

[Event "5. Kaltern-Trophy 2022 Open A"]
[Site "Kaltern"]
[Date "2022.10.22"]
[Round "3.8"]
[White "Niederstaetter, Harald"]
[Black "Nicolodi, Raoul"]
[Result "0-1"]
[WhiteElo "1904"]
[BlackElo "2021"]
[PlyCount "124"]
[EventDate "2022.10.21"]

1. d4 e6 2. Bf4 Nf6 3. e3 c5 4. Nd2 Nc6 5. c3 d5 6. Ngf3 Bd6 7. Ne5 Qc7 8. Ndf3 Nd7 9. Nd3 c4 10. Bxd6 Qxd6 11. Nf4 O-O 12. b3 b5 13. a4 Na5 14. Nd2 b4 15. cxb4 Qxb4 16. bxc4 Nxc4 17. Rb1 Qa5 18. Bxc4 dxc4 19. Rb5 Qc7 20. Qc2 Ba6 21. Rb1 Nb6 22. Ne2 Qc6 23. a5 Nd5 24. Nf3 Rab8 25. O-O Rfc8 26. Nc3 Rb3 27. Nxd5 Qxd5 28. Qa2 Rcb8 29. Rfc1 c3 30. Rxb3 Qxb3 31. Qxb3 Rxb3 32. Ne1 Kf8 33. f3 Ke7 34. Kf2 Kd6 35. e4 Kc6 36. Ke3 Bc4 37. Nc2 Kb5 38. d5 Kc5 39. dxe6 fxe6 40. f4 Rb2 41. g4 Ra2 42. f5 exf5 43. gxf5 Rxa5 44. e5 Bb3 45. e6 Bxc2 46. Rxc2 Kc4 47. Ke4 Rb5 48. e7 Rb8 49. Ke5 Kd3 50. Rc1 Kd2 51. Ra1 c2 52. Ke6 c1=Q 53. Rxc1 Kxc1 54. Kf7 a5 55. Kxg7 a4 56. f6 a3 57. f7 a2 58. f8=Q a1=Q+ 59. Kxh7 Qb1+ 60. Kg7 Qb2+ 61. Qf6 Qg2+ 62. Kh7 Qxh2+ 0-1

[Event "5. Kaltern-Trophy 2022 Open A"]
[Site "?"]
[Date "2022.10.22"]
[Round "3.9"]
[White "Scharrer, Udo"]
[Black "Bernardi, Ruben"]
[Result "1/2-1/2"]
[WhiteElo "1942"]
[BlackElo "2102"]
[PlyCount "45"]
[EventDate "2022.??.??"]

1. d4 e6 2. c4 Nf6 3. Nc3 Bb4 4. Qc2 d5 5. cxd5 exd5 6. Bg5 h6 7. Bh4 O-O 8. e3 b6 9. Bd3 Bb7 10. Nf3 Nbd7 11. O-O a6 12. Rac1 Rc8 13. Qe2 g5 14. Bg3 Ne4 15. Rfd1 Nxg3 16. hxg3 Ra8 17. Bb1 Nf6 18. Qc2 Kg7 19. Ne5 Bd6 20. f4 Ne4 21. Nxe4 dxe4 22. d5 f5 23. Nc4 1/2-1/2

[Event "5. Kaltern-Trophy 2022 Open A"]
[Site "Kaltern"]
[Date "2022.10.22"]
[Round "3.10"]
[White "Vincenzi, Marco"]
[Black "Kaserer, Hans-Peter"]
[Result "1/2-1/2"]
[WhiteElo "2001"]
[BlackElo "1897"]
[PlyCount "92"]
[EventDate "2022.10.21"]

1. e4 e5 2. Nf3 Nc6 3. Bb5 d6 4. d4 Bd7 5. Nc3 exd4 6. Nxd4 Nf6 7. Bg5 Be7 8. O-O O-O 9. Nf5 Bxf5 10. exf5 Qc8 11. Re1 Re8 12. Rxe7 Rxe7 13. Bxf6 gxf6 14. Nd5 Re5 15. f4 Rxd5 16. Qxd5 Ne7 17. Qe4 Qxf5 18. Qxb7 Qc5+ 19. Kh1 Rd8 20. Bd3 Nd5 21. Rf1 Re8 22. Qb5 Qxb5 23. Bxb5 Rb8 24. c4 Nb4 25. a3 Nc2 26. Rf2 Nd4 27. Ba4 Nb3 28. g3 Nc5 29. Bc2 Re8 30. b4 Re1+ 31. Kg2 Ne4 32. Bxe4 Rxe4 33. Rc2 Re3 34. c5 Rxa3 35. cxd6 cxd6 36. Rc6 Rb3 37. Rxd6 Rxb4 38. Ra6 Rb7 39. Rxf6 Rb2+ 40. Kf3 a5 41. Ra6 Ra2 42. Kg4 Rxh2 43. Rxa5 Rb2 44. Rg5+ Kf8 45. Ra5 Rb6 46. f5 Kg7 1/2-1/2

[Event "5. Kaltern-Trophy 2022 Open A"]
[Site "Kaltern"]
[Date "2022.10.22"]
[Round "3.11"]
[White "Linder, Oliver"]
[Black "Frescura, Davide"]
[Result "1/2-1/2"]
[WhiteElo "1870"]
[BlackElo "1953"]
[PlyCount "75"]
[EventDate "2022.10.21"]

1. d4 d5 2. Nc3 Nf6 3. Bf4 c5 4. e3 cxd4 5. exd4 a6 6. Nf3 Nc6 7. Be2 Bg4 8. O-O e6 9. Ne5 Bxe2 10. Nxe2 Bd6 11. c3 Bxe5 12. Bxe5 Nxe5 13. dxe5 Nd7 14. Qd4 Qb6 15. Qxb6 Nxb6 16. b3 Rc8 17. Rfd1 Nd7 18. f4 Nc5 19. Rd4 Ke7 20. c4 dxc4 21. Rxc4 Nd3 22. Rxc8 Rxc8 23. Rd1 Nb4 24. Rd2 Rd8 25. Rxd8 Kxd8 26. Nc3 Nd3 27. g3 f6 28. exf6 gxf6 29. Kf1 Ke7 30. Ke2 Nc5 31. Ke3 e5 32. fxe5 fxe5 33. b4 Nd7 34. Ke4 Ke6 35. Nd5 b6 36. a3 a5 37. h3 Kd6 38. g4 1/2-1/2

[Event "5. Kaltern-Trophy 2022 Open A"]
[Site "Kaltern"]
[Date "2022.10.22"]
[Round "3.12"]
[White "Grundhammer, Gerhard"]
[Black "Buglisi, Massimo"]
[Result "1/2-1/2"]
[WhiteElo "1811"]
[BlackElo "1943"]
[PlyCount "120"]
[EventDate "2022.10.21"]

1. d4 c5 2. e3 Nf6 3. Nf3 g6 4. b3 Bg7 5. Bb2 O-O 6. Bd3 cxd4 7. exd4 Nd5 8. O-O Nf4 9. Re1 Nxd3 10. Qxd3 d5 11. Qe3 Nc6 12. a3 Bf5 13. c3 Re8 14. Ne5 Qb6 15. c4 dxc4 16. Nxc4 Qc7 17. Nbd2 b5 18. Ne5 Nxe5 19. dxe5 Qc2 20. Bd4 Rac8 21. Nf3 a6 22. Rac1 Qd3 23. Qxd3 Bxd3 24. Bc5 Bh6 25. Rc3 Bf5 26. b4 Kf8 27. h3 Red8 28. g4 Be6 29. g5 Bg7 30. Nd4 Ke8 31. Nxe6 fxe6 32. Kg2 Rd5 33. f4 Rcd8 34. Kf3 Rd3+ 35. Re3 Rd1 36. Ke4 Kf7 37. Rcd3 R8xd3 38. Rxd3 Rxd3 39. Kxd3 Ke8 40. Kc3 Kd7 41. Kb3 Bf8 42. a4 Kc6 43. axb5+ axb5 44. Kc3 Kd5 45. Kd3 Kc6 46. Ke4 Kd7 47. Bb6 Kc6 48. Ba5 Bg7 49. Kd4 h6 50. h4 h5 51. Bd8 Bf8 52. Ke4 Kd7 53. Bb6 Kc6 54. Bc5 Kd7 55. Ba7 Kc6 56. Kd4 Bg7 57. Bc5 Bf8 58. Ke4 Kd7 59. Bb6 Kc6 60. Ba5 Bg7 1/2-1/2

[Event "5. Kaltern-Trophy 2022 Open A"]
[Site "Kaltern"]
[Date "2022.10.22"]
[Round "3.13"]
[White "Tellarini, Lorenzo"]
[Black "Haller, Quentin"]
[Result "0-1"]
[WhiteElo "1750"]
[BlackElo "2095"]
[PlyCount "58"]
[EventDate "2022.10.21"]

1. e4 g6 2. d4 Bg7 3. Nf3 d6 4. Be2 Nd7 5. O-O c5 6. c3 b6 7. Bf4 Ngf6 8. Nbd2 Bb7 9. d5 O-O 10. Bd3 Qc7 11. Qc2 Nh5 12. Bg3 Nxg3 13. hxg3 e6 14. c4 exd5 15. cxd5 Rae8 16. Rae1 Re7 17. a4 Rfe8 18. Nc4 a6 19. Ncd2 Nf6 20. Nh4 Nxd5 21. Bc4 Nb4 22. Qb1 Qd7 23. f4 Qg4 24. Kh2 Kh8 25. f5 Be5 26. Nxg6+ hxg6 27. Re3 Kg7 28. fxg6 Rh8+ 29. Kg1 Bd4 0-1

[Event "5. Kaltern-Trophy 2022 Open A"]
[Site "Kaltern"]
[Date "2022.10.22"]
[Round "3.14"]
[White "Maglioni, Leonardo"]
[Black "Budyi, Danylo"]
[Result "1/2-1/2"]
[WhiteElo "1822"]
[BlackElo "1912"]
[PlyCount "30"]
[EventDate "2022.10.21"]

1. b4 d5 2. Bb2 e6 3. e3 Nf6 4. b5 c5 5. Nf3 b6 6. c4 Bb7 7. Be2 Nbd7 8. O-O Be7 9. d4 O-O 10. Nbd2 Rc8 11. Rc1 h6 12. h3 Re8 13. Re1 Ne4 14. Nxe4 dxe4 15. Ne5 Nxe5 1/2-1/2

[Event "5. Kaltern-Trophy 2022 Open A"]
[Site "Kaltern"]
[Date "2022.10.22"]
[Round "3.15"]
[White "Vincenti, Leonardo"]
[Black "Zuev, Mikhail"]
[Result "1-0"]
[WhiteElo "1763"]
[BlackElo "1940"]
[PlyCount "67"]
[EventDate "2022.10.21"]

1. e4 c5 2. Nf3 Nc6 3. Bb5 d6 4. O-O Bg4 5. c3 e5 6. d3 Nf6 7. Be3 Qb6 8. Na3 Be7 9. h3 Bxf3 10. Qxf3 O-O 11. Rab1 a6 12. Ba4 Qc7 13. Bxc6 Qxc6 14. c4 Nd7 15. b3 f5 16. Nc2 b5 17. Bd2 Rab8 18. Ne3 fxe4 19. Qxe4 Qxe4 20. dxe4 Bg5 21. Rfd1 Bh4 22. f3 Bd8 23. Nf5 bxc4 24. bxc4 Bc7 25. Bg5 Rxb1 26. Rxb1 Nf6 27. Rb7 Ne8 28. Ne7+ Kh8 29. Nd5 Ba5 30. Be7 Rg8 31. Ra7 h6 32. Rxa6 Bc7 33. Ra7 Bb8 34. Rb7 1-0

[Event "5. Kaltern-Trophy 2022 Open A"]
[Site "Kaltern"]
[Date "2022.10.22"]
[Round "3.16"]
[White "Heyne, Regina"]
[Black "Capraro, Fabio"]
[Result "1/2-1/2"]
[WhiteElo "1792"]
[BlackElo "1908"]
[PlyCount "126"]
[EventDate "2022.10.21"]

1. d4 Nf6 2. c4 e6 3. Nf3 b6 4. Bg5 Be7 5. e3 Bb7 6. Be2 d5 7. O-O Nbd7 8. Nc3 O-O 9. Rc1 c5 10. h3 Rc8 11. cxd5 exd5 12. b3 Re8 13. Bb5 a6 14. Bxd7 Qxd7 15. Na4 Qd8 16. Bxf6 Bxf6 17. dxc5 b5 18. Nb6 Rc7 19. b4 a5 20. Qb3 a4 21. Qd3 Bc6 22. Nd4 Bxd4 23. Qxd4 Re4 24. Qd2 Qg5 25. Rcd1 h5 26. a3 d4 27. f4 dxe3 28. fxg5 exd2 29. Rxd2 Re3 30. Ra1 h4 31. Rd4 Rg3 32. Ra2 Rxg5 33. Rxh4 Re7 34. Rd4 Kh7 35. Rd3 Re6 36. Rad2 Reg6 37. g4 f5 38. Rd6 fxg4 39. Rxg6 Rxg6 40. Rd6 gxh3+ 41. Kh2 Bg2 42. Nd5 Rg5 43. Nf4 Bf1 44. Rd5 Rg4 45. Rd4 Bg2 46. Ne2 Bf3 47. Rxg4 Bxg4 48. Nd4 g5 49. Nxb5 Bd7 50. Nc3 g4 51. b5 Kg6 52. c6 Be8 53. c7 Bd7 54. b6 Bc8 55. Nxa4 Kf5 56. Kg3 Ke5 57. Nc5 Kd6 58. b7 Bxb7 59. Nxb7+ Kxc7 60. Nc5 Kb6 61. Ne4 Kb5 62. Nc3+ Kc4 63. a4 Kb4 1/2-1/2

[Event "5. Kaltern-Trophy 2022 Open A"]
[Site "Kaltern"]
[Date "2022.10.22"]
[Round "3.18"]
[White "Vincenti, Francesco"]
[Black "Bisaro, Andrea"]
[Result "0-1"]
[WhiteElo "1336"]
[BlackElo "1819"]
[PlyCount "71"]
[EventDate "2022.10.21"]

1. e4 e6 2. d4 d5 3. exd5 exd5 4. Nd2 Bd6 5. g3 Ne7 6. Bg2 O-O 7. Ngf3 Bg4 8. O-O Nbc6 9. c3 Qd7 10. Qb3 Rab8 11. Re1 h6 12. Ne5 Bxe5 13. dxe5 Rfe8 14. f4 Be6 15. Qc2 Rbd8 16. Nb3 b6 17. Be3 Qc8 18. Rac1 Bf5 19. Qf2 a5 20. Nd4 Nxd4 21. cxd4 Qd7 22. Rc3 c5 23. Rb3 c4 24. Rc3 b5 25. Bf3 b4 26. Rcc1 Rc8 27. Kh1 Rc7 28. Rg1 Rec8 29. g4 Be4 30. Bxe4 dxe4 31. Qg2 c3 32. bxc3 Rxc3 33. Qxe4 Qd5 34. Qxd5 Nxd5 35. Bd2 Rc2 36. f5 0-1